000 00585nam a22001697a 4500
003 OSt
005 20171010095452.0
008 120628t xxu||||| |||| 00| 0 eng d
040 _aMMSU
_cULS
100 _aFariñas, Flory Anne J.
_910851
245 _aPerceptions of students and teachers on error corrective feedback
_cFlory Anne J. Fariñas
260 _c2008
300 _axii, 67 leaves
_c28 cm.
500 _aThesis (AB English Studies) -- Mariano Marcos State University-College of Arts and Sciences, Batac, City
504 _aBibliography: leaves 51-52
942 _2ddc
_cTHEDIS
999 _c9611
_d9611